| 000 | 00553nam a22001697a 4500 | ||
|---|---|---|---|
| 003 | NUST | ||
| 038 | _aNusrat Nadeem | ||
| 082 | _a200 | ||
| 100 |
_aHaider, Ali _992659 |
||
| 245 |
_aMulti Stage Quasi-labeled Vehicle Re-Identification Using Branched Convolutional Neural Networks / _cAli Haider |
||
| 264 |
_aIslamabad : _bSEECS, NUST, _c2022. |
||
| 300 | _a48 p. ; | ||
| 650 |
_aMS-Computer Science _926780 |
||
| 700 |
_aSupervisor: Dr. Muhammad Shahzad _996716 |
||
| 856 | _uhttp://10.250.8.41:8080/xmlui/handle/123456789/29992 | ||
| 942 |
_2ddc _cSC |
||
| 999 |
_c591044 _d591044 |
||